Ekonomika a řízení podniku ve 21. století sborník recenzovaných příspěvků z 1. mezinárodní vědecké konference : 12. - 13. září 2012, Ostrava

Na minha lista:
Detalhes bibliográficos
Autor Corporativo: Ekonomika a řízení podniku ve 21. století. Mezinárodní vědecká konference
Formato: Livro
Idioma:tcheco
eslovaco
inglês
Publicado em: Ostrava Katedra podnikohospodářská Ekonomické fakulty VŠB - Technická univerzita Ostrava 2012
Assuntos:
Tags: Adicionar Tag
Sem tags, seja o primeiro a adicionar uma tag!

MARC

LEADER 00000nlm a2200000 4500
001 0159623
005 20250815074813.9
020 |a 978-80-248-2768-1 
041 0 |a cze 
041 0 |a slo 
041 0 |a eng 
044 |a CZ 
245 1 0 |a Ekonomika a řízení podniku ve 21. století  |b sborník recenzovaných příspěvků z 1. mezinárodní vědecké konference : 12. - 13. září 2012, Ostrava 
264 1 |a Ostrava  |b Katedra podnikohospodářská Ekonomické fakulty VŠB - Technická univerzita Ostrava  |c 2012 
300 |a CD-ROM [420 s.] 
610 2 0 |a riadenie podnikové 
610 2 0 |a konkurencieschopnosť 
610 2 0 |a manažment logistický 
610 2 0 |a riadenie kvality 
610 2 0 |a riadenie ľudských zdrojov 
110 2 |a Ekonomika a řízení podniku ve 21. století. Mezinárodní vědecká konference